Fundamentals of Normal Nutrition (Record no. 17334)

MARC details
000 -LEADER
fixed length control field 00458nam a22001697a 4500
003 - CONTROL NUMBER IDENTIFIER
control field OSt
005 - DATE AND TIME OF LATEST TRANSACTION
control field 20211109154719.0
008 - FIXED-LENGTH DATA ELEMENTS--GENERAL INFORMATION
fixed length control field 211109b |||||||| |||| 00| 0 eng d
020 ## - INTERNATIONAL STANDARD BOOK NUMBER
International Standard Book Number 0-02-402330-2
040 ## - CATALOGING SOURCE
Transcribing agency Hawassa University
050 ## - LIBRARY OF CONGRESS CALL NUMBER
Classification number 641.1/ROB
Item number 1
082 ## - DEWEY DECIMAL CLASSIFICATION NUMBER
Edition number 3
Classification number 641.1/ROB
Item number 1
100 ## - MAIN ENTRY--PERSONAL NAME
Personal name Robinson,Corinne H.
9 (RLIN) 15226
245 ## - TITLE STATEMENT
Title Fundamentals of Normal Nutrition
260 ## - PUBLICATION, DISTRIBUTION, ETC.
Place of publication, distribution, etc. New York
Name of publisher, distributor, etc. Macmillan Publishing Co.
Date of publication, distribution, etc. 1978
942 ## - ADDED ENTRY ELEMENTS (KOHA)
Source of classification or shelving scheme Dewey Decimal Classification
Koha item type Books like text book referance book
Suppress in OPAC No
Holdings
Withdrawn status Lost status Source of classification or shelving scheme Damaged status Not for loan Home library Current library Date acquired Total Checkouts Full call number Barcode Date last seen Copy number Price effective from Koha item type
    Dewey Decimal Classification     College of Agriculture Library College of Agriculture Library 11/09/2021   641.1/ROB ALIB0004122 11/09/2021 1 11/09/2021 Books like text book referance book